Statistics for Biggest Metropolitan Areas in Canada

Click here to take the quiz!

General Stats

  • This quiz has been taken 39 times
  • The average score is 15 of 20

Answer Stats

PopulationAnswer% Correct
1,481,806Calgary
100%
6,202,225
Toronto
100%
1,418,118Edmonton
100%
4,291,732Montreal
100%
2,642,825Vancouver
100%
834,678Winnipeg
100%
839,311Quebec City
97%
1,488,307Ottawa-Gatineau
94%
465,703Halifax
83%
785,184Hamilton
83%
317,480Saskatoon
80%
249,217Regina
77%
543,551London
74%
397,237Victoria
66%
422,630Windsor
66%
575,847Kitchener-Cambridge-Waterloo
60%
433,604St. Catharines-Niagara
57%
227,398Sherbrooke
43%
222,162Kelowna
34%
415,311Oshawa
23%

Score Distribution

Percentile by Number Answered

Percent of People with Each Score

Your Score History

You have not taken this quiz